UM Logo

Democratization: (Record no. 15018)

MARC details
000 -LEADER
fixed length control field 00479nam a22001457a 4500
008 - FIXED-LENGTH DATA ELEMENTS--GENERAL INFORMATION
fixed length control field 200205b ||||| |||| 00| 0 eng d
020 ## - INTERNATIONAL STANDARD BOOK NUMBER
International Standard Book Number 9715421385
082 ## - DEWEY DECIMAL CLASSIFICATION NUMBER
Edition number 1997
Classification number DFil 321.8
Item number D39
245 ## - TITLE STATEMENT
Title Democratization:
Remainder of title Philippine Perspectives/
Statement of responsibility, etc. Edited by Felipe B. Miranda
260 ## - PUBLICATION, DISTRIBUTION, ETC. (IMPRINT)
Place of publication, distribution, etc. Quezon City:
Name of publisher, distributor, etc. University of Philippine Press,
Date of publication, distribution, etc. ©1997.
300 ## - PHYSICAL DESCRIPTION
Extent v, 339 pages:
Other physical details illustrations;
Dimensions 23 cm.
500 ## - GENERAL NOTE
General note Includes index.
650 ## - SUBJECT ADDED ENTRY--TOPICAL TERM
Topical term or geographic name as entry element Democracy.
9 (RLIN) 41681
942 ## - ADDED ENTRY ELEMENTS (KOHA)
Source of classification or shelving scheme Dewey Decimal Classification
Koha item type Filipiniana
Holdings
Withdrawn status Lost status Source of classification or shelving scheme Damaged status Not for loan Collection code Home library Current library Shelving location Date acquired Source of acquisition Total Checkouts Full call number Barcode Date last seen Date last checked out Price effective from Koha item type
    Dewey Decimal Classification     Filipiniana UM Digos College - LIC UM Digos College - LIC Book Cart 11/30/2004 Purchase 1 DFil 321.8 D39 1997 18025 05/15/2025 03/26/2024 02/05/2020 Filipiniana